000
00275nam a2200121Ia 4500
008
190216s9999||||xx |||||||||||||| ||und||
100
_a
Kudesia B P
245
0
_a
Water Pollution
260
_b
Pragathi Prakashan
_c
1993
300
_a
382p
650
_a
Chemistry
942
_c
BK
999
_c
2773
_d
2773